| 000 | 00724nam a2200253 a 4500 | ||
|---|---|---|---|
| 005 | 20210219153158.0 | ||
| 008 | 991125n 000 0 u | ||
| 035 | _aUPN01000082353 | ||
| 100 | _aZohar, Anat | ||
| 222 | _aSCHOOL SCIENCE AND MATHEMATICS | ||
| 245 | _aIncorporating critical thinking into a regular high school biology curriculum | ||
| 300 | _a136-140 | ||
| 362 | _a93, No. 3, 1993 | ||
| 505 | _aSeptiembre 1993 | ||
| 653 | 0 | _aACTIVIDADES CIENTIFICAS | |
| 653 | 0 | _aBIOLOGIA | |
| 653 | 0 | _aCURRICULUM CIENTIFICO | |
| 653 | 0 | _aDESARROLLO CURRICULAR | |
| 653 | 0 | _aINSTRUCCION CIENTIFICA | |
| 653 | 0 | _aPENSAMIENTO CRITICO | |
| 700 | _aTamir, Pinchas | ||
| 904 |
_aAC _b020164 |
||
| 905 | _aArticulo | ||
| 999 |
_c70318 _d70318 |
||